000 00800nam a2200205Ii 4500
003 JO-AjNU
008 230605s9999||||xx |||||||||||||| ||und||
040 _aJO-AjNU
_bara
_erda
_cJO-AjNU
041 _aara
050 1 4 _aLB1115 1993
100 3 _aلين،موريس مؤلف/جيرون،موريس بير م.مشارك/شيا،سميح مترجمه,
_eauthor
_921598
245 0 0 _aالتربية السليمة للطفل في سنواته الأولى
250 _aط1
264 3 1 _aدمشق:دار علاء الدين،1993
300 _a119ص
336 _atext
_btxt
_2rdacontent
337 _aunmediated
_bn
_2rdamedia
338 _avolume
_bnc
_2rdacarrier
650 4 _aالأطفال-العناية الصحية. الأطفال-تربية. المرأة الحامل-رعاية.
_921599
999 _aA7529
_c11097
_d11097